000 00647nam a2200217Ii 4500
003 JO-AjNU
008 230605s9999||||xx |||||||||||||| ||und||
017 _a2004/6/1381
040 _aJO-AjNU
_bara
_erda
_cJO-AjNU
041 _aara
050 1 4 _aQA371 .D33 2005
100 3 _a دهبي، نورة ,
_eauthor
_929840
245 0 0 _a المعادلات التفاضلية
250 _aط1
264 3 1 _aعمان:دار الصفاء، 2005
300 _a198ص
336 _atext
_btxt
_2rdacontent
337 _aunmediated
_bn
_2rdamedia
338 _avolume
_bnc
_2rdacarrier
650 4 _a المعادلات التفاضلية 
_929841
999 _aA11756
_c15324
_d15324